[Event "SVK-chT2A 0708"]
[Site "Slovakia"]
[Date "2008.03.08"]
[Round "10.8"]
[White "Takacs, Laszlo"]
[Black "Zitniak, Jozef"]
[Result "1-0"]
[WhiteElo "1646"]
[BlackElo "1992"]
[PlyCount "97"]
[EventDate "2007.10.06"]
[EventType "team-tourn"]
[EventRounds "11"]
[EventCountry "SVK"]
[SourceTitle "EXT 2010"]
[Source "ChessBase"]
[SourceDate "2010.11.25"]
[SourceVersion "1"]
[SourceVersionDate "2010.11.25"]
[SourceQuality "1"]
[WhiteTeam "Dunajska Streda SK II"]
[BlackTeam "Devinska Nova Ves"]
[WhiteTeamCountry "SVK"]
[BlackTeamCountry "SVK"]

1. e4 e5 2. Nf3 Nc6 3. Bc4 Nf6 4. d4 exd4 5. 0-0 Be7 6. e5 Ng4 7. Re1 d5 8. Bb5 Bd7 9. Bxc6 Bxc6 10. Nxd4 Nh6 11. e6 Ng8 12. Nf5 Bf6 13. Nxg7+ Bxg7 14. Qh5 Qf6 15. exf7+ Kf8 16. b3 Qxf7 17. Ba3+ Ne7 18. Qxf7+ Kxf7 19. Rxe7+ Kg6 20. Rxg7+ Kxg7 21. Bb2+ Kg6 22. Bxh8 Rxh8 23. f3 Re8 24. Kf2 Bb5 25. Nc3 Bc6 26. Rd1 Rd8 27. Ne2 Rf8 28. Rd4 Rf5 29. Rg4+ Kf7 30. Nd4 Rf6 31. Rg5 h6 32. Rf5 a6 33. Rxf6+ Kxf6 34. Nxc6 bxc6 35. Ke3 c5 36. f4 h5 37. g3 Kf5 38. c3 a5 39. a3 c6 40. Kd3 h4 41. b4 cxb4 42. cxb4 hxg3 43. hxg3 axb4 44. axb4 Kg4 45. Kd4 Kf5 46. b5 cxb5 47. Kxd5 Kg4 48. Kc5 Kxg3 49. f5 1-0

[Event "SVK-chT2A 0708"]
[Site "Slovakia"]
[Date "2007.12.02"]
[Round "6.7"]
[White "Zitniak, Jozef"]
[Black "Tomanek, Rafael"]
[Result "0-1"]
[WhiteElo "1992"]
[BlackElo "1990"]
[PlyCount "142"]
[EventDate "2007.10.06"]
[EventType "team-tourn"]
[EventRounds "11"]
[EventCountry "SVK"]
[SourceTitle "EXT 2010"]
[Source "ChessBase"]
[SourceDate "2010.11.25"]
[SourceVersion "1"]
[SourceVersionDate "2010.11.25"]
[SourceQuality "1"]
[WhiteTeam "Devinska Nova Ves"]
[BlackTeam "Bratislava Doprastav IV"]
[WhiteTeamCountry "SVK"]
[BlackTeamCountry "SVK"]

1. e4 c6 2. d4 d5 3. e5 Bf5 4. Ne2 e6 5. Ng3 Bg6 6. Nd2 Qb6 7. Nb3 Nd7 8. c3 c5 9. Be2 cxd4 10. cxd4 Ne7 11. 0-0 Nc6 12. Be3 Be7 13. Nh5 0-0 14. Nf4 Rfc8 15. Nxg6 hxg6 16. Qd2 a5 17. Rab1 a4 18. Na1 Qa5 19. Rfd1 Qxd2 20. Rxd2 Nb6 21. a3 Nc4 22. Bxc4 dxc4 23. Nc2 b5 24. f4 Rd8 25. Rbd1 b4 26. d5 Rxd5 27. Rxd5 exd5 28. Rxd5 c3 29. bxc3 bxa3 30. Bc5 a2 31. Bxe7 Nxe7 32. Rd1 Rc8 33. Ra1 Nd5 34. Rxa2 Nxc3 35. Rb2 Ne2+ 36. Kf1 Nxf4 37. g3 Nd3 38. Ra2 Nxe5 39. Ne3 Nc4 40. Nd5 Kf8 41. Rxa4 Ne5 42. Ra2 g5 43. Kg2 Rd8 44. Ne3 g6 45. Nf1 Kg7 46. Rd2 Re8 47. Ra2 Re6 48. h3 g4 49. hxg4 Nxg4 50. Rb2 Re1 51. Ra2 f5 52. Rb2 Kf6 53. Ra2 Kg5 54. Rb2 Ra1 55. Rd2 Re1 56. Ra2 Ne3+ 57. Nxe3 Rxe3 58. Ra4 Re4 59. Ra6 Kh5 60. Rf6 Rc4 61. Rd6 g5 62. Rd2 Kg4 63. Re2 Rd4 64. Rb2 Ra4 65. Rc2 Ra3 66. Rc4+ f4 67. gxf4 Ra2+ 68. Kf1 gxf4 69. Rc1 Kg3 70. Rb1 f3 71. Rc1 Rh2 0-1

[Event "SVK-chT2A 0708"]
[Site "Slovakia"]
[Date "2007.11.04"]
[Round "4.5"]
[White "Zitniak, Jozef"]
[Black "Kolman, Richard"]
[Result "0-1"]
[WhiteElo "1992"]
[BlackElo "2103"]
[PlyCount "60"]
[EventDate "2007.10.06"]
[EventType "team-tourn"]
[EventRounds "11"]
[EventCountry "SVK"]
[SourceTitle "EXT 2010"]
[Source "ChessBase"]
[SourceDate "2010.11.25"]
[SourceVersion "1"]
[SourceVersionDate "2010.11.25"]
[SourceQuality "1"]
[WhiteTeam "Devinska Nova Ves"]
[BlackTeam "Bratislava Doprastav"]
[WhiteTeamCountry "SVK"]
[BlackTeamCountry "SVK"]

1. e4 c5 2. c3 Qa5 3. Nf3 Nc6 4. Na3 Nf6 5. Nc4 Qc7 6. d3 b5 7. Ne3 a6 8. Be2 e6 9. h3 Be7 10. Nh2 Bb7 11. Nhg4 0-0 12. 0-0 Rfd8 13. Nxf6+ Bxf6 14. Ng4 Be7 15. f4 d5 16. e5 d4 17. Qc2 Rd7 18. Nh2 Rad8 19. Nf3 c4 20. cxd4 Nxd4 21. Nxd4 Bc5 22. dxc4 Rxd4 23. Kh1 Be4 24. Qc3 Rd3 25. Bxd3 Rxd3 26. cxb5 Rxc3 27. bxc3 Qb7 28. Rd1 Bxg2+ 29. Kh2 h6 30. bxa6 Qf3 0-1

[Event "SVK-chT2A 0708"]
[Site "Slovakia"]
[Date "2007.11.03"]
[Round "3.5"]
[White "Macka, Oto"]
[Black "Zitniak, Jozef"]
[Result "1-0"]
[WhiteElo "2044"]
[BlackElo "1992"]
[PlyCount "125"]
[EventDate "2007.10.06"]
[EventType "team-tourn"]
[EventRounds "11"]
[EventCountry "SVK"]
[SourceTitle "EXT 2010"]
[Source "ChessBase"]
[SourceDate "2010.11.25"]
[SourceVersion "1"]
[SourceVersionDate "2010.11.25"]
[SourceQuality "1"]
[WhiteTeam "Bratislava Slavia STU"]
[BlackTeam "Devinska Nova Ves"]
[WhiteTeamCountry "SVK"]
[BlackTeamCountry "SVK"]

1. c4 e5 2. Nc3 Nf6 3. Nf3 Nc6 4. g3 Be7 5. Bg2 d6 6. d4 exd4 7. Nxd4 Nxd4 8. Qxd4 c6 9. 0-0 0-0 10. e4 Qc7 11. h3 a6 12. Bf4 Nh5 13. Be3 Be6 14. g4 Nf6 15. f4 Ne8 16. Rac1 Bf6 17. Qd3 g6 18. g5 Bxc3 19. Qxc3 f5 20. gxf6 Nxf6 21. f5 gxf5 22. exf5 Bc8 23. Bh6 Rf7 24. Rce1 Bd7 25. Qg3+ Kh8 26. c5 Rg8 27. Qxd6 Qxd6 28. cxd6 Ne8 29. Bf4 h5 30. Be5+ Kh7 31. Kh2 Nf6 32. Bc3 Ne8 33. Be5 Nf6 34. Rf2 Rg5 35. Ref1 Kg8 36. Bg3 Nd5 37. Bxd5 cxd5 38. f6 Kh7 39. Re1 Rf5 40. Rxf5 Bxf5 41. Re5 Kg6 42. Bh4 Rd7 43. Rxd5 Be6 44. Rd3 Bxa2 45. b3 Bb1 46. Rg3+ Kh7 47. Rg7+ Rxg7 48. fxg7 Bf5 49. Bf6 Kg8 50. Kg3 Bd7 51. h4 Kf7 52. Bc3 Be6 53. b4 Bd7 54. Kf4 b6 55. Kg5 a5 56. bxa5 bxa5 57. Kxh5 a4 58. Kg5 a3 59. h5 a2 60. h6 Kg8 61. Kf6 Be6 62. Ke7 Kh7 63. Kf8 1-0